And Then There Were None Quiz - Statistics

General Stats
  • This quiz has been taken 105 times
  • The average score is 15 of 66
Answer Stats
Answer % Correct
Dr Armstrong Profession Doctor
84%
Dr Armstrong Indian Number 4
65%
Miss Claythorne Indian Number 1
53%
Mr Marston Indian Number 10
53%
Justice Wargrave Indian Number 5
51%
General MacArthur Indian Number 8
51%
Miss Brent First Name Emily
51%
Mr Lombard Indian Number 2
49%
Mr Blore Indian Number 3
47%
Miss Brent Indian Number 6
47%
Mr Rogers Indian Number 7
47%
Miss Claythorne First Name Vera
47%
Mrs Rogers Indian Number 9
44%
Justice Wargrave Profession Judge
44%
Miss Claythorne Cause of Death Hanging
42%
Mr Marston First Name Anthony
40%
Mr Lombard First Name Philip
40%
Justice Wargrave Cause of Death Shot
40%
Mr Lombard Cause of Death Shot
38%
Mr Rogers Cause of Death Assaulted by axe
33%
Mr Blore First Name William
29%
Mr Marston Cause of Death Cyanide
25%
Dr Armstrong First Name Edward
25%
Justice Wargrave First Name Lawrence
22%
Dr Armstrong Cause of Death Pushed off cliff
22%
Mr Blore Middle Name Henry
20%
Mrs Rogers Profession Housekeeper
20%
Miss Brent Cause of Death Potassium Cyanide
20%
Mr Rogers Profession Butler
18%
Mr Blore Profession Private Investigator
18%
Dr Armstrong Poem Line "A red herring swallowed one..."
16%
Mr Blore Cause of Death Clock to head
16%
Mr Blore Alias Davis
16%
Mr Marston Poem Line "One choked his little self..."
16%
Mr Lombard Victims 21 men
15%
Mrs Rogers First Name Ethel
15%
Dr Armstrong Middle Name George
15%
Justice Wargrave Victim Edward Seton
13%
General MacArthur First Name John
13%
Mr Marston Victims John and Lucy Combes
13%
Mr Lombard Poem Line "One got frizzled up..."
11%
Mrs Rogers Poem Line "One overslept himself..."
11%
Miss Brent Poem Line "A bumblebee stung one..."
9%
Miss Claythorne Middle Name Elizabeth
9%
General MacArthur Middle Name Gordon
9%
Mr Marston Middle Name James
9%
Dr Armstrong Victim Louisa Mary Clees
9%
General MacArthur Poem Line "One said he'd stay there..."
9%
Mr Blore Poem Line "A big bear hugged one..."
7%
Miss Brent Victim Beatrice Taylor
7%
Miss Claythorne Poem Line "He went and hanged himself..."
7%
Mr Rogers Poem Line "One chopped himself in halves..."
7%
Justice Wargrave Poem Line "One got in chancery..."
7%
Mrs Rogers Cause of Death Overdose of chloral hydrate
7%
General MacArthur Victim Arthur Richmond
5%
Miss Brent Middle Name Caroline
5%
Miss Claythorne Victim Cyril Hamilton
5%
Mr Blore Victim James Landor
5%
Justice Wargrave Middle Name John
5%
Mr Rogers First Name Thomas
5%
General MacArthur Cause of Death Blow to the head
4%
Mr Rogers Victim Jennifer Brady
4%
Mrs Rogers Victim Jennifer Brady
4%
Mr Lombard Profession Mercenary
4%
General MacArthur Profession War Hero
2%
Miss Claythorne Profession Sports Mistress
0%
No matching quizzes found
Score Distribution
Percent of People with Each Score
Percentile by Number Answered
Your Score History
You have not taken this quiz